000
00359nam a2200133Ia 4500
008
100328s9999 xx 000 0 und d
082
_b
22639
100
_a
केळकर इंदुमती
245
_a
प्रतिशोध
260
_b
ललित
630
_a
प्रतिशोध
730
_a
प्रतिशोध
942
_c
BOOK
999
_c
516494
_d
516491